Il y a 10,20,30 .... 120 ans - Statistiques

Statistiques générales
  • Ce quiz a été pris 84 fois
  • Le résultat moyen est 9 sur 12
Statistiques - réponses
Indice Réponse % Correct
Ce scientifique, prix Nobel de physique, célèbre pour son équation E=mc² nous quittait il y a 70 ans. Albert Einstein
95%
Cette épave de ce célèbre paquebot a été retrouvée il y a 40 ans par une expédition Franco-Américaine. Titanic
93%
Journal satirique qui fut victime d'un attentat terroriste il y a 10 ans. Charlie Hebdo
90%
Adolf Hitler publie le 1er volume de ce livre il y a 100 ans. (réponse valable également en français) Mein Kampf/ Mon combat
89%
Transfert des cendres de ce couple, prix Nobel de physique, au Panthéon de Paris il y a 30 ans. Pierre et Marie Curie
88%
Depuis 80 ans on commémore ce jour qui correspond à la fin de la seconde guerre mondiale. 8 mai
79%
Naissance d'un des + grands acteurs français il y a 90 ans (dcd en 2024) ayant joué notamment dans Le samouraï, La piscine ou Le clan des Siciliens. Alain Delon
75%
Il y a 60 ans ce pays remportait l'Eurovision avec la chanson Poupée de cire, poupée de son de France Gall. Luxembourg
63%
Il y a 20 ans, sortait ce 6ème tome de la saga Harry Potter. Harry Potter et le Prince de sang-mêlé
56%
Il est devenu roi d'Espagne il y a 50 ans, avant d'abdiquer en 2014. Juan Carlos 1er
55%
Il y a 120 ans, quel Empire vivait une révolution ? Russe
45%
Cette étoile, la + proche de la Terre (après le soleil) a été découverte par l'astronome Robert Innes il y a 110 ans. Proxima du Centaure
32%
Aucun quiz correspondant
Distribution des résultats
% des personnes avec chaque résultat
Percentile par nombre de réponses
Votre historique - résultats
Vous n’avez pas pris ce quiz